000 00780cam a2200229 4500
001 ##L134404
008 060802n2006 000 0 eng u
020 _a0105425060
035 _a(Sirsi) u134404
041 0 _aeng
050 0 4 _a343.03 $2 18
245 0 0 _aFinance Act 2006
260 _aLondon
_bHMSO
_c2006
520 _aReceived Royal Assent on 19 July 2006. Part IV relates to the long-awaited introduction of Real Estate Investment Trusts.
590 _aIKA010806
650 2 4 _aFINANCE ACT 2006
650 2 4 _aFINANCE ACT 2006 PART IV
651 4 _aUnited Kingdom
_y
690 _aPROPERTY-PROPERTY FINANCE AND INVESTMENT
856 4 0 _uhttps://www.opsi.gov.uk/acts/acts2006/20060025.htm
_zView the legislation free of charge at www.opsi.gov.uk...
942 _n0
999 _c105662
_d105662